O diário da nossa paixão (Record no. 44925)

MARC details
000 -Etiqueta do registo
Valores 00551nam a2200181 4500
100 ## - Dados gerais de processamento
Dados gerais 20251013 pory50
101 ## - Língua de publicação
Língua por
-- ing
102 ## - País de publicação
País PT
200 ## - Titulo e menção de responsabilidade
Título próprio O diário da nossa paixão
Primeira menção de responsabilidade realiz. Nick Cassavetes
Outras menções de responsabilidade act.s Ryan Gosling , Rachel Mc Adams , James Garner , Gena rowlands ... [et al.]
-- baseado numa obra de Nicholas Sparks
210 ## - Publicação
Local de publicação [S.l.]
Nome do editor dist. Prisvideo
Data de publicação 2008
215 ## - Descrição física 
Paginação / Volumes 1 DVD
300 ## - Notas gerais 
Texto da nota 118 m.<br/>M/12
675 ## - CDU
Notação 821.111(73)-31
675 ## - CDU
Notação 82-31
801 ## - Fonte de origem
País PT
Regras de catalogação RPC
990 ## - Elementos KOHA
Tipo de documento Filme DVD
Holdings
Aquisição Empréstimo Código de barras Cota Permissão de empréstimo Tipo de documento Nota relativa ao exemplar
Biblioteca Escolar Doutor Hernâni Cidade Biblioteca Escolar Doutor Hernâni Cidade 81062 ROM CAS   Filme DVD 547 Filme Romântico baseado numa obra do escritor Nicholas Sparks

Powered by Koha